Welcome to the Holygrace Academy Library

Please use search bar below to get started

TURBULENCE (Record no. 2613)

MARC details
000 -LEADER
fixed length control field 00534nam a22001457a 4500
020 ## - INTERNATIONAL STANDARD BOOK NUMBER
ISBN 978-93-5009-217-0
082 ## - DEWEY DECIMAL CLASSIFICATION NUMBER
Classification number 823
Item number BAS/T
100 ## - MAIN ENTRY--AUTHOR NAME
Personal name BASU, SAMIT
245 ## - TITLE STATEMENT
Title TURBULENCE
260 ## - PUBLICATION, DISTRIBUTION, ETC. (IMPRINT)
Place of publication GURGAON
Name of publisher HACHETTE INDIA
Year of publication 2010
300 ## - PHYSICAL DESCRIPTION
Number of Pages 337
520 ## - SUMMARY, ETC.
Summary, etc Aman Sen is smart, young, ambitious and going nowhere. He thinks this is because he doesn't have the right connections - but then he gets off a plane from London to Delhi and discovers that he has turned into a communications demigod.
650 ## - SUBJECT ADDED ENTRY--TOPICAL TERM
Topical Term NOVEL
Geographic subdivision INDIA
942 ## - ADDED ENTRY ELEMENTS (KOHA)
Koha item type Books
Holdings
Withdrawn status Lost status Collection code Home library Current library Shelving location Date acquired Source of acquisition Cost, normal purchase price Full call number Accession Number Koha item type
    Fiction Main Library Main Library SHELF-14B -ALPHABETICAL -B--ENGLISH NOVELS & FICTIONS 04/04/2016 purchase 250.00 823 BAS/T 01791 Books